<?xml version="1.0" encoding="UTF-8"?>
<record
    xmlns:xsi="http://www.w3.org/2001/XMLSchema-instance"
    xsi:schemaLocation="http://www.loc.gov/MARC21/slim http://www.loc.gov/standards/marcxml/schema/MARC21slim.xsd"
    xmlns="http://www.loc.gov/MARC21/slim">

  <leader>02866    a2200265   4500</leader>
  <controlfield tag="001">43889</controlfield>
  <controlfield tag="005">20260407155720.0</controlfield>
  <controlfield tag="008">260407a2010    arg                 spa d</controlfield>
  <controlfield tag="003">AR-UNSa-BCEJYS</controlfield>
  <datafield tag="040" ind1=" " ind2=" ">
    <subfield code="a">AR-UNSa-BCEJYS</subfield>
    <subfield code="b">spa</subfield>
    <subfield code="c">AR-UNSa-BCEJYS</subfield>
  </datafield>
  <datafield tag="080" ind1=" " ind2=" ">
    <subfield code="a">336.741.2</subfield>
    <subfield code="x">Naturaleza de la moneda. Teor&#xED;a general del dinero</subfield>
  </datafield>
  <datafield tag="245" ind1="1" ind2="0">
    <subfield code="a">Tratado sobre el dinero</subfield>
  </datafield>
  <datafield tag="020" ind1=" " ind2=" ">
    <subfield code="a">978-84-9756-689-6</subfield>
  </datafield>
  <datafield tag="264" ind1=" " ind2="1">
    <subfield code="a">Madrid :</subfield>
    <subfield code="b">Fundaci&#xF3;n ICO</subfield>
    <subfield code="c">2010</subfield>
  </datafield>
  <datafield tag="300" ind1=" " ind2=" ">
    <subfield code="a">xlii, 695 p.</subfield>
    <subfield code="c">22 cm.</subfield>
  </datafield>
  <datafield tag="505" ind1=" " ind2=" ">
    <subfield code="a">1. La clasificaci&#xF3;n del dinero - 2. El dinero bancario - 3. El an&#xE1;lisis del dinero bancario - 4. El poder de compra del dinero - 5. La diversidad de niveles de precios secundarios - 6. Patrones monetarios - 7. La difusi&#xF3;n de los niveles de precios - 8. La teor&#xED;a de las comparaciones del poder de compra - 9. Algunas definiciones - 10. Las ecuaciones fundamentales del valor del dinero - 11. Las condiciones de equilibrio - 12. Una aclaraci&#xF3;n m&#xE1;s sobre la distinci&#xF3;n entre ahorro e inversi&#xF3;n - 13. El "modus operandi" del tipo bancario - 14. Formas alternativas de las ecuaciones fudamentales - 15. La circulaci&#xF3;n industrial y la circulaci&#xF3;n financiera - 16. Clasificaci&#xF3;n de las causas de un desequilibrio del poder de compra - 17. Cambios debidos a factores monetarios - 18. Cambios debidos a factores relacionados con la inversi&#xF3;n - 19. Algunos aspectos especiales del ciclo del cr&#xE9;dito - 20. Un ejercicio de teor&#xED;a pura del ciclo del cr&#xE9;dito - 21. Cambios debidos a un desequilibrio internacional - 22. La teor&#xED;a aplicada del dinero - 23. La proporci&#xF3;n de dep&#xF3;sitos de ahorro en relaci&#xF3;n con los dep&#xF3;sitos de efectivo - 24. Las velocidades de circulaci&#xF3;n - 25. El cociente entre el dinero bancario y las reservas - 26. La actividad econ&#xF3;mica - 27. Fluctuaciones de la tasa de inversi&#xF3;n. I. El capital fijo - 28. Fluctuaciones de la tasa de inversi&#xF3;n. II. El capital circulante - 29. Fluctuaciones de la tasa de inversi&#xF3;n. III. El capital l&#xED;quido - 30. Ejemplos hist&#xF3;ricos - 31. El problema de la gesti&#xF3;n del dinero - 32. M&#xE9;todos de gesti&#xF3;n nacional. I. El control de los bancos miembros - 33. M&#xE9;todos de gesti&#xF3;n nacional. II. La regulaci&#xF3;n de las reservas centrales - 34. M&#xE9;todos de gesti&#xF3;n internacional. I. Las relaciones entre los bancos centrales - 35. M&#xE9;todos de gesti&#xF3;n internacional. II. El patr&#xF3;n oro - 36. M&#xE9;todos de gesti&#xF3;n internacional. III. El problema de la autonom&#xED;a nacional - 37. M&#xE9;todos de gesti&#xF3;n nacional. III. El control de la tasa de inversi&#xF3;n - 38. Problemas de la gesti&#xF3;n supranacional    </subfield>
  </datafield>
  <datafield tag="041" ind1=" " ind2=" ">
    <subfield code="a">spa</subfield>
  </datafield>
  <datafield tag="942" ind1=" " ind2=" ">
    <subfield code="c">BK</subfield>
  </datafield>
  <datafield tag="590" ind1=" " ind2=" ">
    <subfield code="a">niveau_biblio:m niveau_hierar:0</subfield>
  </datafield>
  <datafield tag="100" ind1="1" ind2=" ">
    <subfield code="a">Rabasco, Mar&#xED;a Esther</subfield>
  </datafield>
  <datafield tag="700" ind1="1" ind2=" ">
    <subfield code="a">Keynes, John Maynard</subfield>
  </datafield>
  <datafield tag="650" ind1=" " ind2=" ">
    <subfield code="a">KEYNES</subfield>
  </datafield>
  <datafield tag="856" ind1="4" ind2="1">
    <subfield code="u">https://biblioeco.unsa.edu.ar/pmb/images/libros/L126837.jpg</subfield>
    <subfield code="y">Imagen de portada</subfield>
    <subfield code="q">image/jpeg</subfield>
  </datafield>
  <datafield tag="650" ind1=" " ind2=" ">
    <subfield code="a"> keynes </subfield>
  </datafield>
  <datafield tag="999" ind1=" " ind2=" ">
    <subfield code="c">3746</subfield>
    <subfield code="d">3746</subfield>
  </datafield>
  <datafield tag="952" ind1=" " ind2=" ">
    <subfield code="0">0</subfield>
    <subfield code="1">0</subfield>
    <subfield code="4">0</subfield>
    <subfield code="7">0</subfield>
    <subfield code="a">BCEJYS</subfield>
    <subfield code="b">BCEJYS</subfield>
    <subfield code="c">16</subfield>
    <subfield code="d">2026-04-07</subfield>
    <subfield code="l">0</subfield>
    <subfield code="o">336.741.2 K44t</subfield>
    <subfield code="p">L126837</subfield>
    <subfield code="r">2026-04-07 15:57:20</subfield>
    <subfield code="w">2026-04-07</subfield>
    <subfield code="y">L</subfield>
  </datafield>
</record>
